000 01691nam a2200385 a 4500
001 000035886
003 DO-SdBNP
005 20240722104338.0
007 ta
008 111115e2002 dr abc gre 001 1 spa d
020 _a9993487406
040 _aDO-SdBNP
_bspa
_cBNPHU
_erda
041 _hspa
082 4 _a972.93
_bA881h
_222
245 0 0 _aAtlas histórico de la República Dominicana /
_cTexto Quisqueya Lora H., Ignacio Aybar Acosta ; ilustración, Ruddy Núñez ; editora, Margarita Castro Catrain ; Cartografía, Eric Castro Ricart ; fotografía, José Luis Abad.
264 1 _aSanto Domingo :
_bSantillana,
_c2002.
300 _a127 páginas :
_bilustraciones, mapas, retratos ;
_c33 cm.
336 _atexto
_btxt
_2rdacontent
337 _asin mediación
_bn
_2rdamedia
338 _avolumen
_bnc
_2rdacarrier
500 _aIncluye índice temático
505 _tEtapa precolombina.-- Descubrimiento y conquista.-- Siglo XVII.-- Siglo XVIII.-- Siglo XIX.-- Siglo XX y XXI.-- Evolución de la división territorial dominicana.
650 _aRepública Dominicana
_vAtlas
_xHistoria
_986097
700 1 _aLora H., Quisqueya,
_929768
_etexto
700 1 _aAcosta, Ignacio Aybar,
_961881
_etexto
700 1 _aCastro Catrain, Margarita,
_eedición
_929221
700 1 _aCastro Ricart, Eric,
_ecartografía
_923170
700 _aAbad, José Luis,
_efotografía
_981347
700 1 _aBriones, Ricardo,
_efotografía
_929826
700 1 _aDiez Polanco, Carlos,
_efotografía
_929828
700 1 _aDiez Polanco, Carlos,
_efotografía
_929828
700 1 _aIncháustegui, Arístides,
_d1938-
_efotografía
_922936
910 _aMFeliz. Validado.Control de Calidad/MAA
942 _2ddc
_cLBS1
999 _c35377
_d35377